Local and global social transformation in Southeast Asia (Record no. 74600)

MARC details
000 -LEADER
fixed length control field 00730nam a2200253 i 4500
001 - CONTROL NUMBER
control field C2-0264964
003 - CONTROL NUMBER IDENTIFIER
control field PPAK
005 - DATE AND TIME OF LATEST TRANSACTION
control field 20180727233053.0
008 - FIXED-LENGTH DATA ELEMENTS--GENERAL INFORMATION
fixed length control field 050531s2005 my |||| ||||| | eng d
020 ## - INTERNATIONAL STANDARD BOOK NUMBER
International Standard Book Number 9836287582
040 ## - CATALOGING SOURCE
Original cataloging agency PPAK
Language of cataloging eng
Transcribing agency PPAK
Description conventions rda
082 04 - DEWEY DECIMAL CLASSIFICATION NUMBER
Classification number 303.40959
Edition number 23
090 00 - LOCALLY ASSIGNED LC-TYPE CALL NUMBER (OCLC); LOCAL CALL NUMBER (RLIN)
Classification number (OCLC) (R) ; Classification number, CALL (RLIN) (NR) 303.40959
Feature heading LOC
Feature heading G
Classification number (OCLC) (R) ; Classification number, CALL (RLIN) (NR) 303.40959
Feature heading LOC
Feature heading KMI
Classification number (OCLC) (R) ; Classification number, CALL (RLIN) (NR) 303.40959
Feature heading LOC
Feature heading R
245 00 - TITLE STATEMENT
Title Local and global social transformation in Southeast Asia
264 #1 - PRODUCTION, PUBLICATION, DISTRIBUTION, MANUFACTURE, AND COPYRIGHT NOTICE
Place of production, publication, distribution, manufacture Kuala Lumpur :
Name of producer, publisher, distributor, manufacturer Dewan Bahasa dan Pustaka ,
Date of production, publication, distribution, manufacture, or copyright notice 2005
300 ## - PHYSICAL DESCRIPTION
Extent 330 pages ;
Dimensions 23 cm
336 ## - CONTENT TYPE
Source rdacontent
Content type term text
337 ## - MEDIA TYPE
Source rdamedia
Media type term unmediated
338 ## - CARRIER TYPE
Source rdacarrier
Carrier type term volume
650 10 - SUBJECT ADDED ENTRY--TOPICAL TERM
Topical term or geographic name entry element Social change - Asia, Southeastern.
942 ## - ADDED ENTRY ELEMENTS (KOHA)
-- dc
Koha item type Book
Holdings
Withdrawn Not for loan Current library Shelving location Date acquired Full call number Barcode Date last seen Koha item type
  Not For Loan Perpustakaan Alor Setar Rujukan Dewasa 17/08/2005 R 303.40959 LOC A01089381 09/05/2018 Book
    Perpustakaan Alor Setar Pinjaman Dewasa 01/03/2007 303.40959 LOC A01146608 09/05/2018 Book
  Not For Loan Perpustakaan Alor Setar Koleksi Prof. Dr. Muhammad Isa Othman 16/06/2011 KMI 303.40959 LOC A00385319 09/05/2018 Book
    Perpustakaan Awam Sungai Petani Pinjaman Dewasa 01/03/2007 303.40959 LOC A01146609 09/05/2018 Book
    Perpustakaan Jitra Pinjaman Dewasa 01/03/2007 303.40959 LOC A01146610 09/05/2018 Book
    Perpustakaan Kulim Pinjaman Dewasa 01/03/2007 303.40959 LOC A01146611 09/05/2018 Book